000 00309nam a2200121 a 4500
001 000002459
005 20200929150209.0
008 090702s1996 000 spa d
020 _a8489384665
245 3 _aLa flor de la marvilla : juegos romances retahílas.
260 _aMadrid,
_c1996.
999 _c2295
_d2295
040 _aDO-SdBNP